00878nam a22002297a 4500999001900000005001700019010001500036020002700051035001400078037001300092082001200105245013300117260003900250270009500289300002400384500002000408700002000428700001900448700001800467942002600485952013700511 c168413d16841320191007150600.0 aENG-126610 a9789353285487c1095.00 aEN-110142 bDBAD/PUB a320.530 aRadicalization in South Asia :ced.by Mubashar Hasan, Kenji Isezali [and] Sameer Yasirbcontext, trajectories and implications / aNew DelhibSAGE Publicationsc2019 aB1/1-1, Mohan Cooperative Industrial AreabMathura Road, New Delhie110044mwww.sagepub.in axii,350p.c22cm(Hb) aIncludes index aHasan, Mubashar aIsezaki, Kenji aYasir, Sameer 2ddccENh320.530mRAD 001040708NFICaLbLd2019-10-07eDBAD/PUBg1095.00l5m2o320.530 RADpEN-110142r2025-09-03 00:00:00s2025-07-30t1v1095.00yEN